000 00618nam a2200229Ia 4500
003 OSt
005 20220928110804.0
006 a|||||r|||| 00| 0
007 ta
008 220927b |||||||| |||| 00| 0 eng d
024 _a54662
037 _cTextual
040 _aSDCL
_cSDCL
_beng
041 _2eng
_aeng
082 _aO157,1M61j, K1
100 _aTagore Rabindra Nath
_9406405
245 0 _aCentenary volume (1861-1961).
260 _aNew Delhi
_bSahitya Akademi
_c1961
300 _a531p
_ccm.
942 _hO157,1M61j, K1
_cTEXL
_2CC
999 _c736923
_d736923